How to develop Self confidence and Influence people by Public (Record no. 4466)

MARC details
000 -LEADER
fixed length control field 00341nam a2200121Ia 4500
008 - FIXED-LENGTH DATA ELEMENTS--GENERAL INFORMATION
fixed length control field 191201s1956 xx 000 0 und d
100 ## - MAIN ENTRY--PERSONAL NAME
Personal name CARNEGIE,Dale
245 #0 - TITLE STATEMENT
Title How to develop Self confidence and Influence people by Public
260 ## - PUBLICATION, DISTRIBUTION, ETC. (IMPRINT)
Place of publication, distribution, etc New yark
Name of publisher, distributor, etc Pocket Bewks London, Newyok
Date of publication, distribution, etc 1956
300 ## - PHYSICAL DESCRIPTION
Extent 244
650 ## - SUBJECT ADDED ENTRY--TOPICAL TERM
Topical term or geographic name as entry element BBA
942 ## - ADDED ENTRY ELEMENTS (KOHA)
Source of classification or shelving scheme Dewey Decimal Classification
Koha item type Text Books
942 ## - ADDED ENTRY ELEMENTS (KOHA)
-- 9
Holdings
Withdrawn status Lost status Source of classification or shelving scheme Damaged status Not for loan Collection code Home library Current library Date acquired Source of acquisition Cost, normal purchase price Bill Number Total Checkouts Full call number Acc. no. / Barcode Date last seen Date last borrowed Bill Date Koha item type Public note
    Dewey Decimal Classification     GENERAL PIET C-LIBRARY PIET C-LIBRARY 27/04/2010 J B C, New Delhi 125.00 SI-4915 1 808.5 CAH 15109 16/05/2022 28/04/2022 11/03/2010 Text Books Stories and Novels
    Dewey Decimal Classification     GENERAL PIET C-LIBRARY PIET C-LIBRARY 27/04/2010 J B C, New Delhi 125.00 SI-4915 3 808.5 CAH 15110 18/04/2022 05/04/2022 11/03/2010 Text Books Stories and Novels
    Dewey Decimal Classification     GENERAL PIET C-LIBRARY PIET C-LIBRARY 27/04/2010 J B C, New Delhi 125.00 SI-4915   808.5 CAH 15111 04/12/2019   11/03/2010 Text Books Stories and Novels
    Dewey Decimal Classification     GENERAL PIET C-LIBRARY PIET C-LIBRARY 27/04/2010 J B C, New Delhi 125.00 SI-4915   808.5 CAH 15112 04/12/2019   11/03/2010 Text Books Stories and Novels
    Dewey Decimal Classification     GENERAL PIET C-LIBRARY PIET C-LIBRARY 27/04/2010 J B C, New Delhi 125.00 SI-4915 1 808.5 CAH 15113 01/04/2021 17/03/2021 11/03/2010 Text Books Motivational
    Dewey Decimal Classification     GENERAL PIET C-LIBRARY PIET C-LIBRARY 27/04/2010 J B C, New Delhi 125.00 SI-4915 5 808.5 CAH 15114 29/03/2024 13/03/2024 11/03/2010 Text Books Stories and Novels

Design & Developed by: PIET Central Library
R70 Miles Stone Pattikalyana Samalkha Panipat 132102
mail ID :- [email protected], Phone No:- 0180-2569700 Ex.216